000 00300nam a2200109Ia 4500
008 200302s9999 xx 000 0 und d
100 _aLiz Dobbs & Other
245 _aYour Garden Makeover The Complete Guide to Garden Renewal
260 _bMarshall Publishing Ltd.
260 _c2000
300 _a224 P.,
999 _c1256
_d1256